000 00551nam a22001937a 4500
999 _c526650
_d526650
003 NUST
005 20190715061922.0
008 190715b ||||| |||| 00| 0 eng d
020 _qHardcover.
038 _awaseem
082 _a891.421
_bREH
100 _aRehman, Nabila
_917651
245 _aKalam Peer Fazal Gujarati /
_cNabila Rehman
260 _aLahore :
_bMaqsood Publishers,
_c2010.
300 _a751 p . ;
880 _6100-01\r
_aنبیلہ رحمٰن
880 _6245-02\r
_a کلام پیر فضل گجراتی /
942 _2ddc
_cBK